Diferencias latinoamericanas

Saved in:
Bibliographic Details
Main Author: Guzmán Chávez, Jorge (Author)
Format: Book
Language:Spanish
Published: Santiago Universidad de Chile 1984
Subjects:
Tags: Add Tag
No Tags, Be the first to tag this record!

MARC

LEADER 00000nam a2200000 a 4500
001 UCQ6848
003 CL-VaPUC
008 981023e19840000CL |||||||||||||||||spa|d
082 0 4 |a H860.9  |b GUZ  |2 21 
100 |a Guzmán Chávez, Jorge  |e author  |9 556230 
245 1 0 |a Diferencias latinoamericanas 
300 |a 274 p 
942 |c BK 
945 |d 19981023 00:00:00  |a crobeson 
260 |a Santiago  |b Universidad de Chile  |c 1984 
600 0 7 |a CARPENTIER, ALEJO  |2 CL-VaPUC  |9 317536 
600 0 7 |a GARCIA MARQUEZ, GABRIEL  |2 CL-VaPUC  |9 318478 
600 0 7 |a PUIG, MANUEL  |2 CL-VaPUC  |9 406746 
650 0 |a Literatura latinoamericana  |9 309997 
650 0 |a Crítica e interpretación   |9 255042 
583 |a last modification  |c 19981023 00:00:00  |k Rodrigo Vera 
999 |c 276751  |d 276749 
952 |0 0  |1 0  |4 0  |6 H_860_900000000000000_GUZ_1984  |7 0  |8 A  |9 314202  |a BIBEDU  |b BIBEDU  |d 2019-11-20  |i 1484400  |o H860.9 GUZ 1984  |p 1484400  |r 2019-11-20  |w 2019-11-20  |y BK  |k LIT